000
00230nam a2200097Ia 4500
005
20251222114347.0
008
251222s1900||||xx |||||||||||||| ||spa||
082
_a
DVD0090/M61/2005
245
0
_a
Don Quijote de la Mancha:
942
_c
DVD
999
_c
1073
_d
1073